LIBRARY & INFORMATION CENTRE, KCAET, TAVANUR

ONLINE PUBLIC ACCESS CATALOGUE (OPAC)

Engineering graphics (Record no. 13616)

MARC details
000 -LEADER
fixed length control field 00344nam a22001457a 4500
020 ## - INTERNATIONAL STANDARD BOOK NUMBER
ISBN 9788190746229
082 ## - DEWEY DECIMAL CLASSIFICATION NUMBER
Classification number 604.2
Item number BHA/EN
100 ## - MAIN ENTRY--AUTHOR NAME
Personal name Bhattacharyya,B
245 ## - TITLE STATEMENT
Title Engineering graphics
250 ## - EDITION STATEMENT
Edition statement 1
260 ## - PUBLICATION, DISTRIBUTION, ETC. (IMPRINT)
Place of publication New Delhi
Name of publisher I.K International Publishing House Pvt. Ltd
Year of publication 2011
300 ## - PHYSICAL DESCRIPTION
Number of Pages 334
700 ## - ADDED ENTRY--PERSONAL NAME
Personal name Bera, S.C
942 ## - ADDED ENTRY ELEMENTS (KOHA)
Koha item type Books
Holdings
Withdrawn status Lost status Damaged status Collection code Home library Current library Shelving location Date acquired Full call number Accession Number Koha item type
      Non-fiction KAUAET KAUAET General Stacks 31/03/2012 604.2 BHA/EN 22319 Books
      Non-fiction KAUAET KAUAET General Stacks 31/03/2012 604.2 BHA/EN 22320 Books
      Non-fiction KAUAET KAUAET General Stacks 31/03/2012 604.2 BHA/EN 22321 Books
      Non-fiction KAUAET KAUAET General Stacks 31/03/2012 604.2 BHA/EN 22322 Books
      Non-fiction KAUAET KAUAET General Stacks 31/03/2012 604.2 BHA/EN 22323 Books
      Non-fiction KAUAET KAUAET General Stacks 31/03/2012 604.2 BHA/EN 22324 Books
      Non-fiction KAUAET KAUAET General Stacks 31/03/2012 604.2 BHA/EN 22325 Books
      Non-fiction KAUAET KAUAET General Stacks 31/03/2012 604.2 BHA/EN 22326 Books
      Non-fiction KAUAET KAUAET General Stacks 31/03/2012 604.2 BHA/EN 22327 Books
      Non-fiction KAUAET KAUAET General Stacks 31/03/2012 604.2 BHA/EN 22328 Books
free website counter